000 00581cam a2200193 4500
001 D8265
008 090401t1977 xxu||||| |||| 00| 0 eng d
035 _a(Sirsi) u12085
041 _aeng
050 _a692.3
100 _aRoberts, M.
245 _aPilot project to illustrate how the CIT Agency could contribute to the production of the 7th edition of the Standard Method of Measurement
260 _aLondon
_bStandard Method of Measurement Developme
_c1977
300 _a7 leaves. 30cm
350 _a0
520 _aFiled at SMMDU/15
942 _n0
948 _c04/03/1997
999 _c86946
_d86946